[Event "POL-chT3 Kujawsko Pomorskie 1314"]
[Site "Poland"]
[Date "2014.??.??"]
[Round "9.14"]
[White "Laskowski, Filip"]
[Black "Nowacki, Krzysztof"]
[Result "1-0"]
[WhiteElo "1785"]
[BlackElo "1801"]
[PlyCount "116"]
[EventDate "2013.11.03"]
[EventType "team-tourn"]
[EventRounds "11"]
[EventCountry "POL"]
[SourceTitle "EXT 2018"]
[Source "ChessBase"]
[SourceDate "2017.10.13"]
[SourceVersion "1"]
[SourceVersionDate "2017.10.13"]
[SourceQuality "1"]
[WhiteTeam "Grudziadz Rotmistrz III"]
[BlackTeam "Bydgoszcz Emdek"]
[WhiteTeamCountry "POL"]
[BlackTeamCountry "POL"]

1. e4 c5 2. Nf3 Nc6 3. d4 cxd4 4. Nxd4 g6 5. Nc3 Bg7 6. Be3 d6 7. Be2 Nf6 8. Qd2 0-0 9. h3 Nxd4 10. Bxd4 Be6 11. 0-0 a6 12. f4 b5 13. a3 Rc8 14. Bf3 Rc4 15. Rae1 Nxe4 16. Rxe4 d5 17. Re5 Bxe5 18. fxe5 Qd7 19. Ne2 Rfc8 20. c3 a5 21. b4 axb4 22. axb4 R4c6 23. Nf4 Ra6 24. Nxe6 fxe6 25. Bg4 Rf8 26. Rxf8+ Kxf8 27. Qh6+ Kg8 28. h4 Qe8 29. h5 Qf7 30. hxg6 hxg6 31. Be2 Qf5 32. Bxb5 Ra1+ 33. Kh2 Qb1 34. Qe3 Qh1+ 35. Kg3 Ra2 36. Be2 Qe1+ 37. Kf3 Qh4 38. Bf1 g5 39. Be2 g4+ 40. Kf4 g3+ 41. Kf3 Qh5+ 42. Kxg3 Rxe2 43. Qf3 Qg5+ 44. Kh2 Re4 45. Kg1 Qc1+ 46. Kh2 Rh4+ 47. Kg3 Qg5+ 48. Kf2 Rf4 49. Ke2 Rxf3 50. Kxf3 Qf5+ 51. Ke2 Qe4+ 52. Kf2 Kg7 53. Kg3 Kg6 54. Kh2 Kf5 55. b5 Kg4 56. b6 Qf4+ 57. Kh1 Kg3 58. b7 Qf1+ 1-0

[Event "POL-chT3 1112"]
[Site "Poland"]
[Date "2011.11.20"]
[Round "2.1"]
[White "Nowacki, Krzysztof"]
[Black "Jesse, Jacek"]
[Result "0-1"]
[WhiteElo "1823"]
[BlackElo "1985"]
[PlyCount "46"]
[EventDate "2011.11.06"]
[EventType "team-tourn"]
[EventRounds "11"]
[EventCountry "POL"]
[SourceTitle "EXT 2015"]
[Source "ChessBase"]
[SourceDate "2014.11.20"]
[SourceVersion "1"]
[SourceVersionDate "2014.11.20"]
[SourceQuality "1"]
[WhiteTeam "Bydgoszcz Emdek"]
[BlackTeam "Mrocza MGOK"]
[WhiteTeamCountry "POL"]
[BlackTeamCountry "POL"]

1. e4 d5 2. exd5 Qxd5 3. Nc3 Qa5 4. d4 c6 5. Bd3 Nf6 6. h3 h6 7. Nge2 g5 8. Bd2 Qc7 9. h4 g4 10. Bf4 Qd8 11. Qd2 Nbd7 12. 0-0-0 Bg7 13. h5 e6 14. f3 b5 15. Bxb5 cxb5 16. Nxb5 Nd5 17. c4 Nxf4 18. Qxf4 0-0 19. Qxg4 Nb6 20. Qe4 Ba6 21. Qd3 Nxc4 22. Nec3 Bxb5 23. Nxb5 Qg5+ 0-1

[Event "POL-chT3 1112"]
[Site "Poland"]
[Date "2011.11.06"]
[Round "1.1"]
[White "Olszewski, Marek"]
[Black "Nowacki, Krzysztof"]
[Result "1-0"]
[WhiteElo "2076"]
[BlackElo "1823"]
[PlyCount "143"]
[EventDate "2011.11.06"]
[EventType "team-tourn"]
[EventRounds "11"]
[EventCountry "POL"]
[SourceTitle "EXT 2015"]
[Source "ChessBase"]
[SourceDate "2014.11.20"]
[SourceVersion "1"]
[SourceVersionDate "2014.11.20"]
[SourceQuality "1"]
[WhiteTeam "Bydgoszcz Chemik II"]
[BlackTeam "Bydgoszcz Emdek"]
[WhiteTeamCountry "POL"]
[BlackTeamCountry "POL"]

1. e4 c5 2. Nf3 e6 3. c4 Nc6 4. d4 cxd4 5. Nxd4 Nf6 6. Nc3 a6 7. Nxc6 dxc6 8. Qxd8+ Kxd8 9. e5 Ng4 10. Bf4 f6 11. exf6 gxf6 12. h3 Nh6 13. 0-0-0+ Ke7 14. g4 e5 15. Bg3 Nf7 16. Bd3 Bh6+ 17. Kc2 Be6 18. f3 b5 19. Bf2 bxc4 20. Bc5+ Ke8 21. Be2 Rb8 22. Ne4 Bg7 23. h4 Rb5 24. Ba3 Bd5 25. Nc3 Nd8 26. Nxb5 axb5 27. b3 cxb3+ 28. axb3 Ne6 29. Rxd5 cxd5 30. Bxb5+ Kf7 31. Bb2 Rb8 32. Bd3 Nc5 33. Bxh7 Rxb3 34. Ra1 Rb7 35. Ra8 Bf8 36. h5 d4 37. Bg6+ Kg7 38. Ba3 Rc7 39. Kd1 Ne6 40. Bc1 Ng5 41. f4 Nf7 42. Bf5 Be7 43. Bd2 Rb7 44. Bc8 Rc7 45. Ba5 Rc6 46. Bb7 Rc5 47. Ra7 exf4 48. Bg2 Re5 49. Bc7 Bc5 50. Rb7 Re7 51. Bxf4 Rxb7 52. Bxb7 Nh6 53. Bc8 Nf7 54. Ke2 Bd6 55. Bc1 Ne5 56. Bf5 Nf7 57. Kd3 Be5 58. Ba3 Kh6 59. Be6 Nd6 60. Bc1+ Kh7 61. Bd5 Kg7 62. Ke2 Nf7 63. Bxf7 Kxf7 64. Kd3 Kg7 65. Ke4 d3 66. Kxd3 f5 67. gxf5 Kf6 68. Ke4 Bd6 69. h6 Bf8 70. Bb2+ Kf7 71. h7 Bg7 72. h8Q 1-0

[Event "Polanica Zdroj op-D 47th"]
[Site "Polanica Zdroj"]
[Date "2011.08.26"]
[Round "7"]
[White "Praczukowski, Stanislaw"]
[Black "Nowacki, Krzysztof"]
[Result "1/2-1/2"]
[WhiteElo "1678"]
[BlackElo "1843"]
[PlyCount "85"]
[EventDate "2011.08.20"]
[EventType "swiss"]
[EventRounds "9"]
[EventCountry "POL"]
[SourceTitle "EXT 2014"]
[Source "ChessBase"]
[SourceDate "2013.11.20"]
[SourceVersion "1"]
[SourceVersionDate "2013.11.20"]
[SourceQuality "1"]

1. d4 Nf6 2. c4 e6 3. g3 c5 4. d5 exd5 5. cxd5 d6 6. Bg2 Bf5 7. Nc3 Qd7 8. Nf3 a6 9. a4 Bh3 10. 0-0 Bxg2 11. Kxg2 h5 12. h4 Qf5 13. e4 Qg6 14. e5 Ng4 15. Qb3 Nd7 16. e6 Nde5 17. Qxb7 Rd8 18. Nxe5 Nxe5 19. Bg5 f6 20. Bf4 Be7 21. Bxe5 fxe5 22. Qxa6 0-0 23. Rh1 Qg4 24. Qe2 Qxe2 25. Nxe2 Rb8 26. Rhb1 Rb4 27. Nc3 Rfb8 28. Ra2 Rb3 29. Ne4 Rd3 30. a5 c4 31. Rc1 Rd4 32. f3 Kf8 33. Rc2 Ke8 34. Nd2 Rxd5 35. Nxc4 Rdb5 36. Nb6 Bd8 37. Rc8 R5xb6 38. Rxd8+ Kxd8 39. axb6 Rxb6 40. Ra8+ Ke7 41. Ra7+ Kxe6 42. Rxg7 Rxb2+ 43. Kf1 1/2-1/2

[Event "Polanica Zdroj op-D 47th"]
[Site "Polanica Zdroj"]
[Date "2011.08.24"]
[Round "5"]
[White "Mucha, Marek"]
[Black "Nowacki, Krzysztof"]
[Result "0-1"]
[WhiteElo "1610"]
[BlackElo "1843"]
[PlyCount "76"]
[EventDate "2011.08.20"]
[EventType "swiss"]
[EventRounds "9"]
[EventCountry "POL"]
[SourceTitle "EXT 2014"]
[Source "ChessBase"]
[SourceDate "2013.11.20"]
[SourceVersion "1"]
[SourceVersionDate "2013.11.20"]
[SourceQuality "1"]

1. b3 d5 2. f4 c5 3. Nf3 Nf6 4. e3 a6 5. Bb2 Nc6 6. Be2 e6 7. a3 Be7 8. 0-0 b6 9. Ne5 Bb7 10. Qe1 0-0 11. Bf3 Rc8 12. d3 Nd7 13. Ng4 Nf6 14. Ne5 Qc7 15. Nd2 Rfd8 16. Qg3 d4 17. Ndc4 b5 18. Nxc6 Bxc6 19. Ne5 Bxf3 20. Rxf3 Ne8 21. Raf1 f6 22. Ng4 Nd6 23. e4 Nf7 24. Bc1 c4 25. e5 f5 26. Nf6+ Kh8 27. Nxh7 Kxh7 28. Qh3+ Nh6 29. Rg3 Bc5 30. Rg5 cxb3 31. cxb3 Qf7 32. Rf3 Be7 33. Bd2 Rc2 34. Rfg3 Rxd2 35. Rxg7+ Qxg7 36. Rxg7+ Kxg7 37. Qg3+ Kh7 38. h3 Rg8 0-1

[Event "Polanica Zdroj op-D 47th"]
[Site "Polanica Zdroj"]
[Date "2011.08.22"]
[Round "3"]
[White "Maciejewski, Mikolaj"]
[Black "Nowacki, Krzysztof"]
[Result "1/2-1/2"]
[WhiteElo "1635"]
[BlackElo "1843"]
[PlyCount "27"]
[EventDate "2011.08.20"]
[EventType "swiss"]
[EventRounds "9"]
[EventCountry "POL"]
[SourceTitle "EXT 2014"]
[Source "ChessBase"]
[SourceDate "2013.11.20"]
[SourceVersion "1"]
[SourceVersionDate "2013.11.20"]
[SourceQuality "1"]

1. e4 c5 2. d4 cxd4 3. c3 dxc3 4. Nxc3 e5 5. Nf3 Nc6 6. Bc4 d6 7. Ng5 Nh6 8. Qh5 g6 9. Qf3 f6 10. Nh3 Bg4 11. Qd3 Qd7 12. Nd5 Nb8 13. Bd2 Be7 14. b4 1/2-1/2

[Event "POL-chT3 Kujawsko Pomorskie 1011"]
[Site "Poland"]
[Date "2011.02.13"]
[Round "6.33"]
[White "Jankowski, Dawid"]
[Black "Nowacki, Krzysztof"]
[Result "0-1"]
[WhiteElo "1704"]
[BlackElo "1808"]
[PlyCount "52"]
[EventDate "2010.11.07"]
[EventType "team-tourn"]
[EventRounds "11"]
[EventCountry "POL"]
[SourceTitle "EXT 2019"]
[Source "ChessBase"]
[SourceDate "2018.10.10"]
[SourceVersion "1"]
[SourceVersionDate "2018.10.10"]
[SourceQuality "1"]

1. c4 e5 2. e4 Nf6 3. d3 Bc5 4. g3 d6 5. Bg2 Be6 6. Ne2 Qd7 7. 0-0 h5 8. h4 Nc6 9. a3 a5 10. Nbc3 Ng4 11. Bd2 0-0 12. Rb1 f5 13. exf5 Rxf5 14. Ne4 Ba7 15. N2c3 Raf8 16. Be1 Nd4 17. b4 Nf3+ 18. Bxf3 Rxf3 19. Nb5 Ne3 20. Qd2 Nxf1 21. Kxf1 Be3 22. Qc2 Bh3+ 23. Kg1 Qg4 24. Kh2 Bf1 25. fxe3 Qh3+ 26. Kg1 Bg2 0-1

[Event "POL-chT3 Kujawsko Pomorskie 1011"]
[Site "Poland"]
[Date "2010.11.07"]
[Round "1.21"]
[White "Nowacki, Krzysztof"]
[Black "Theuss, Tomasz"]
[Result "1-0"]
[WhiteElo "1808"]
[BlackElo "1812"]
[PlyCount "61"]
[EventDate "2010.11.07"]
[EventType "team-tourn"]
[EventRounds "11"]
[EventCountry "POL"]
[SourceTitle "EXT 2019"]
[Source "ChessBase"]
[SourceDate "2018.10.10"]
[SourceVersion "1"]
[SourceVersionDate "2018.10.10"]
[SourceQuality "1"]

1. e4 e5 2. Nf3 Nf6 3. Bc4 Nxe4 4. Nc3 Nxc3 5. dxc3 Qf6 6. Ng5 h6 7. Nxf7 Bc5 8. 0-0 Rf8 9. Qh5 Rxf7 10. Bxf7+ Qxf7 11. Qxe5+ Be7 12. Qxc7 Nc6 13. Bf4 Kf8 14. Bd6 Bxd6 15. Qxd6+ Kg8 16. Rfe1 b6 17. Rad1 a6 18. Rd3 Qf8 19. Qd5+ Kh7 20. Rf3 Qg8 21. Rf7 Bb7 22. Qxd7 Rb8 23. Qf5+ Kh8 24. Re3 Rd8 25. h3 Bc8 26. Qf4 Bd7 27. Rg3 Ne5 28. Rfxg7 Qe6 29. R3g6 Qxg6 30. Rxg6 Nxg6 31. Qf6+ 1-0

[Event "Polanica Zdroj op-B 46th"]
[Site "Polanica Zdroj"]
[Date "2010.08.22"]
[Round "5"]
[White "Nowacki, Krzysztof"]
[Black "Lukasiewicz, Anna"]
[Result "0-1"]
[WhiteElo "1808"]
[BlackElo "2097"]
[PlyCount "46"]
[EventDate "2010.08.18"]
[EventType "swiss"]
[EventRounds "9"]
[EventCountry "POL"]
[SourceTitle "CBM 138 Extra"]
[Source "ChessBase"]
[SourceDate "2010.10.29"]
[SourceVersion "1"]
[SourceVersionDate "2010.10.29"]
[SourceQuality "1"]

1. e4 c5 2. Nf3 Nc6 3. d4 cxd4 4. Nxd4 g6 5. c4 Nf6 6. Nc3 Nxd4 7. Qxd4 d6 8. Nd5 Bg7 9. Bg5 0-0 10. Bxf6 exf6 11. 0-0-0 f5 12. Qd2 fxe4 13. Nc3 Bf5 14. Be2 Rc8 15. Nb5 d5 16. g4 Qh4 17. Qxd5 Qxf2 18. Rde1 Rfd8 19. Qxb7 Qe3+ 20. Kb1 Qd2 21. Nxa7 Rb8 22. Rd1 Rxb7 23. Rxd2 Rxd2 0-1

[Event "Polanica Zdroj op-B 46th"]
[Site "Polanica Zdroj"]
[Date "2010.08.20"]
[Round "3"]
[White "Nowacki, Krzysztof"]
[Black "Barburzynska, Magdalena"]
[Result "1/2-1/2"]
[WhiteElo "1808"]
[BlackElo "1923"]
[PlyCount "80"]
[EventDate "2010.08.18"]
[EventType "swiss"]
[EventRounds "9"]
[EventCountry "POL"]
[SourceTitle "CBM 138 Extra"]
[Source "ChessBase"]
[SourceDate "2010.10.29"]
[SourceVersion "1"]
[SourceVersionDate "2010.10.29"]
[SourceQuality "1"]

1. e4 c5 2. Nf3 Nc6 3. d4 cxd4 4. Nxd4 Nf6 5. Nc3 e6 6. Be3 Bb4 7. Bd3 Qa5 8. Nde2 d5 9. exd5 Nxd5 10. Bd2 Nxc3 11. Nxc3 Qe5+ 12. Qe2 Qxe2+ 13. Bxe2 Nd4 14. Bd3 Bd7 15. a3 Be7 16. Be3 Nc6 17. Rd1 0-0-0 18. b4 f5 19. f4 Be8 20. Bc4 Rxd1+ 21. Kxd1 Bf7 22. Kc1 a5 23. b5 Bxa3+ 24. Kb1 Ne7 25. Bb6 Bb4 26. Kb2 Nd5 27. Nxd5 exd5 28. Bd3 g6 29. c3 Bd6 30. g3 a4 31. Re1 a3+ 32. Kb3 Kd7 33. Ba5 Ra8 34. Bb4 a2 35. Ra1 Bxb4 36. Kxb4 Kd6 37. Bc2 Be8 38. Bb3 b6 39. Rxa2 Rxa2 40. Bxa2 Bd7 1/2-1/2

[Event "Kowalewo Pomorskie op-B 17th"]
[Site "Kowalewo Pomorskie"]
[Date "2010.07.07"]
[Round "5"]
[White "Szydelko, Kazimierz"]
[Black "Nowacki, Krzysztof"]
[Result "1/2-1/2"]
[WhiteElo "1894"]
[BlackElo "1808"]
[PlyCount "69"]
[EventDate "2010.07.04"]
[EventType "swiss"]
[EventRounds "9"]
[EventCountry "POL"]
[SourceTitle "EXT 2011"]
[Source "ChessBase"]
[SourceDate "2010.11.26"]
[SourceVersion "1"]
[SourceVersionDate "2010.11.26"]
[SourceQuality "1"]

1. d4 d5 2. c4 e6 3. Nc3 Nf6 4. Nf3 b6 5. cxd5 Nxd5 6. e4 Nxc3 7. bxc3 Be7 8. Bd3 0-0 9. 0-0 Bb7 10. Be3 Nd7 11. Rb1 Nf6 12. Nd2 Rc8 13. f3 c5 14. Qa4 cxd4 15. cxd4 Rc3 16. Rb3 Rxb3 17. Nxb3 Qb8 18. Rc1 Rc8 19. Qb5 Rxc1+ 20. Bxc1 Qc7 21. Bd2 a6 22. Qa4 b5 23. Qa5 Qc8 24. a4 bxa4 25. Qxa4 Nd7 26. Na5 Nb6 27. Qb3 Bd8 28. Qb4 Ba8 29. Qd6 Bc7 30. Qc5 Qb8 31. h4 Nd7 32. Qe7 Nf8 33. Bb4 Ng6 34. Qc5 Bb6 35. Qc3 1/2-1/2

[Event "POL-chT3 Kujawsko Pomorskie 0910"]
[Site "Poland"]
[Date "2010.05.09"]
[Round "11.32"]
[White "Sobich, Kazimierz"]
[Black "Nowacki, Krzysztof"]
[Result "1-0"]
[WhiteElo "1852"]
[BlackElo "1770"]
[PlyCount "57"]
[EventDate "2009.11.08"]
[EventType "team-tourn"]
[EventRounds "11"]
[EventCountry "POL"]
[SourceTitle "EXT 2020"]
[Source "ChessBase"]
[SourceDate "2019.10.17"]
[SourceVersion "1"]
[SourceVersionDate "2019.10.17"]
[SourceQuality "1"]

1. d4 d5 2. c4 e6 3. Nf3 Nf6 4. Nc3 b6 5. Bg5 Bb7 6. e3 Be7 7. Be2 dxc4 8. Bxc4 Ne4 9. Nxe4 Bxe4 10. Bxe7 Qxe7 11. 0-0 0-0 12. Rc1 Nd7 13. Bb5 Nb8 14. Bd3 Bxd3 15. Qxd3 c5 16. dxc5 bxc5 17. Rfd1 Qb7 18. b3 Na6 19. Ng5 g6 20. Qc4 Qb6 21. Ne4 Rfd8 22. Qc3 Qb4 23. Nf6+ Kg7 24. Nh5+ Kh6 25. Qg7+ Kxh5 26. Qxh7+ Kg5 27. f4+ Kf5 28. Qxf7+ Kg4 29. Qxg6+ 1-0

[Event "POL-chT3 Kujawsko Pomorskie 0910"]
[Site "Poland"]
[Date "2010.02.21"]
[Round "8.3"]
[White "Nowacki, Krzysztof"]
[Black "Janik, Tomasz"]
[Result "1-0"]
[WhiteElo "1770"]
[BlackElo "2088"]
[PlyCount "103"]
[EventDate "2009.11.08"]
[EventType "team-tourn"]
[EventRounds "11"]
[EventCountry "POL"]
[SourceTitle "EXT 2020"]
[Source "ChessBase"]
[SourceDate "2019.10.17"]
[SourceVersion "1"]
[SourceVersionDate "2019.10.17"]
[SourceQuality "1"]

1. e4 c5 2. Nf3 e6 3. d4 cxd4 4. Nxd4 Bc5 5. Nb3 Bb6 6. c4 Ne7 7. Nc3 a6 8. Bf4 0-0 9. c5 Bc7 10. Bxc7 Qxc7 11. Qd6 Qxd6 12. cxd6 Ng6 13. Na4 b5 14. Nb6 Ra7 15. Rc1 Nc6 16. Nc5 f5 17. Nxe6 dxe6 18. Rxc6 Bd7 19. Nxd7 Rxd7 20. Rxa6 b4 21. Bc4 Rdd8 22. Bxe6+ Kh8 23. Bxf5 Ne5 24. 0-0 g6 25. Be6 Rf6 26. Bd5 g5 27. Rd1 h5 28. Ra8 Rfxd6 29. Rxd8+ Rxd8 30. Bb3 Rc8 31. f3 Kg7 32. Kf2 Rc6 33. Ke3 Kf6 34. h3 h4 35. f4 gxf4+ 36. Kxf4 Ng6+ 37. Kg4 Ke5 38. Rd8 Rc7 39. Re8+ Ne7 40. Kxh4 Kxe4 41. g4 Kf3 42. Kg5 Rc5+ 43. Kh6 Re5 44. Rf8+ Kg3 45. g5 Kxh3 46. g6 Kh4 47. Rf4+ Kg3 48. Rf1 Kh4 49. Rf4+ Kg3 50. Rxb4 Re2 51. Rb7 Kf4 52. Rxe7 1-0

[Event "Bydgoszcz op U18"]
[Site "Bydgoszcz"]
[Date "2010.01.21"]
[Round "8"]
[White "Nowacki, Krzysztof"]
[Black "Zebracki, Tomasz"]
[Result "1/2-1/2"]
[WhiteElo "1791"]
[BlackElo "1788"]
[PlyCount "116"]
[EventDate "2010.01.18"]
[EventType "swiss"]
[EventRounds "9"]
[EventCountry "POL"]
[SourceTitle "EXT 2013"]
[Source "ChessBase"]
[SourceDate "2012.11.22"]
[SourceVersion "1"]
[SourceVersionDate "2012.11.22"]
[SourceQuality "1"]

1. e4 e6 2. d4 d5 3. Nd2 c5 4. dxc5 Bxc5 5. Nb3 Nf6 6. Nxc5 Qa5+ 7. c3 Qxc5 8. Be3 Qc7 9. exd5 Nxd5 10. Bd2 0-0 11. Qf3 Nc6 12. c4 Qe5+ 13. Ne2 Ndb4 14. 0-0-0 Nxa2+ 15. Kb1 Nab4 16. Bc3 Qg5 17. Nc1 Qg6+ 18. Bd3 Nxd3 19. Qxd3 Qxd3+ 20. Rxd3 e5 21. Rd5 Bf5+ 22. Ka2 Rac8 23. b3 Be6 24. Rd3 a5 25. Re3 Rfd8 26. Nd3 a4 27. Nc5 axb3+ 28. Kxb3 Nd4+ 29. Bxd4 exd4 30. Nxe6 dxe3 31. Nxd8 Rxd8 32. fxe3 Rd3+ 33. Kb4 Rxe3 34. Rd1 g5 35. Rd2 Kg7 36. Rb2 h5 37. Kc5 Kg6 38. h3 Rg3 39. Kb6 Rc3 40. c5 Kf5 41. Rb5 Kf4 42. Kxb7 Rc2 43. c6 Rxg2 44. Rc5 Rb2+ 45. Kc8 Ra2 46. c7 Ra7 47. Kd7 f5 48. Ke6 Ra6+ 49. Kd5 Ra8 50. c8Q Rxc8 51. Rxc8 g4 52. Rc4+ Kg3 53. hxg4 fxg4 54. Ke4 h4 55. Rc3+ Kh2 56. Kf4 g3 57. Kg4 g2 58. Rh3+ Kg1 1/2-1/2

[Event "Bydgoszcz op U18"]
[Site "Bydgoszcz"]
[Date "2010.01.19"]
[Round "3"]
[White "Nowacki, Krzysztof"]
[Black "Marchlewicz, Artur"]
[Result "1-0"]
[WhiteElo "1791"]
[BlackElo "1733"]
[PlyCount "71"]
[EventDate "2010.01.18"]
[EventType "swiss"]
[EventRounds "9"]
[EventCountry "POL"]
[SourceTitle "EXT 2013"]
[Source "ChessBase"]
[SourceDate "2012.11.22"]
[SourceVersion "1"]
[SourceVersionDate "2012.11.22"]
[SourceQuality "1"]

1. e4 c5 2. Nf3 d6 3. d4 cxd4 4. Nxd4 Nf6 5. f3 a6 6. c4 e5 7. Nc2 Be6 8. Nc3 Be7 9. Be2 Nbd7 10. Be3 Qc7 11. Nd5 Bxd5 12. exd5 0-0 13. 0-0 Rac8 14. Rc1 Rfe8 15. f4 Bf8 16. f5 Nc5 17. g4 Nfe4 18. Ne1 Be7 19. Nf3 h6 20. b4 Nd7 21. Qe1 Ng5 22. Nxg5 Bxg5 23. Bxg5 hxg5 24. h4 Qd8 25. Kg2 e4 26. Rh1 Ne5 27. Qg3 Qf6 28. Rc2 Rc7 29. hxg5 Qxg5 30. Rh5 Qf6 31. Qh3 Kf8 32. g5 Qd8 33. Qh4 Nd3 34. f6 gxf6 35. gxf6 Ne1+ 36. Kh1 1-0

[Event "Bydgoszcz op U18"]
[Site "Bydgoszcz"]
[Date "2010.01.18"]
[Round "1"]
[White "Nowacki, Krzysztof"]
[Black "Bartoszewski, Bartosz"]
[Result "1-0"]
[WhiteElo "1791"]
[BlackElo "1509"]
[PlyCount "49"]
[EventDate "2010.01.18"]
[EventType "swiss"]
[EventRounds "9"]
[EventCountry "POL"]
[SourceTitle "EXT 2013"]
[Source "ChessBase"]
[SourceDate "2012.11.22"]
[SourceVersion "1"]
[SourceVersionDate "2012.11.22"]
[SourceQuality "1"]

1. e4 e6 2. d4 d5 3. Nd2 c5 4. dxc5 Bxc5 5. Nb3 Bb6 6. exd5 exd5 7. Bd3 Nf6 8. Bg5 Bxf2+ 9. Kxf2 h6 10. Bxf6 Qxf6+ 11. Nf3 Qxb2 12. Re1+ Be6 13. Nfd4 0-0 14. Kg1 Bd7 15. Qf3 Be6 16. Nxe6 fxe6 17. Bh7+ Kxh7 18. Qxf8 Qxc2 19. Rxe6 Qc7 20. Re7 Qb6+ 21. Kh1 Qg6 22. Re8 Qd3 23. Qg8+ Kg6 24. Re6+ Kh5 25. Qxg7 1-0

[Event "Polanica Zdroj op-C 45th"]
[Site "Polanica Zdroj"]
[Date "2009.08.24"]
[Round "7"]
[White "Szydelko, Kazimierz"]
[Black "Nowacki, Krzysztof"]
[Result "1-0"]
[WhiteElo "1888"]
[BlackElo "1696"]
[PlyCount "75"]
[EventDate "2009.08.18"]
[EventType "swiss"]
[EventRounds "9"]
[EventCountry "POL"]
[SourceTitle "CBM 132 Extra"]
[Source "ChessBase"]
[SourceDate "2009.11.03"]
[SourceVersion "1"]
[SourceVersionDate "2009.11.03"]
[SourceQuality "1"]

1. d4 d5 2. c4 e6 3. Nf3 Nf6 4. Nc3 b6 5. cxd5 Nxd5 6. e4 Nxc3 7. bxc3 Bb7 8. Bb5+ c6 9. Bd3 Be7 10. 0-0 0-0 11. c4 Na6 12. a3 Nc7 13. Bb2 b5 14. Qe2 bxc4 15. Bxc4 Ne8 16. Rfd1 Nf6 17. Ne5 Qc7 18. Rac1 Rac8 19. Rd3 Bd6 20. Nf3 Bf4 21. Rc2 Rfe8 22. g3 Bh6 23. Ne5 Red8 24. f4 c5 25. d5 exd5 26. exd5 Bxd5 27. Bxd5 Rxd5 28. Ng4 Rxd3 29. Nxh6+ gxh6 30. Qxd3 Rd8 31. Qf5 Rd1+ 32. Kf2 Qa5 33. Bc3 Qb5 34. Re2 Ne8 35. Qe5 f6 36. Qxe8+ Qxe8 37. Rxe8+ Kf7 38. Rc8 1-0

[Event "Polanica Zdroj op-C 45th"]
[Site "Polanica Zdroj"]
[Date "2009.08.20"]
[Round "3"]
[White "Smolka, Marcin"]
[Black "Nowacki, Krzysztof"]
[Result "1/2-1/2"]
[WhiteElo "1897"]
[BlackElo "1696"]
[PlyCount "53"]
[EventDate "2009.08.18"]
[EventType "swiss"]
[EventRounds "9"]
[EventCountry "POL"]
[SourceTitle "CBM 132 Extra"]
[Source "ChessBase"]
[SourceDate "2009.11.03"]
[SourceVersion "1"]
[SourceVersionDate "2009.11.03"]
[SourceQuality "1"]

1. e4 c6 2. d4 d5 3. Nc3 dxe4 4. Nxe4 Bf5 5. Ng3 Bg6 6. h4 h6 7. f4 e6 8. Nf3 Nd7 9. h5 Bh7 10. Bd3 Bxd3 11. Qxd3 Qc7 12. Bd2 0-0-0 13. 0-0-0 Bd6 14. Rhf1 Bxf4 15. Bxf4 Qxf4+ 16. Nd2 Qh4 17. Nde4 Qe7 18. Qe3 Ngf6 19. Qf4 e5 20. dxe5 Nxe4 21. Qxe4 Qxe5 22. Qxe5 Nxe5 23. Rxd8+ Rxd8 24. Nf5 g6 25. Nxh6 Rh8 26. Nxf7 Nxf7 27. Rxf7 1/2-1/2

[Event "POL-ch U16"]
[Site "Chotowa"]
[Date "2009.04.04"]
[Round "10"]
[White "Kadziela, Konrad"]
[Black "Nowacki, Krzysztof"]
[Result "1-0"]
[WhiteElo "1862"]
[BlackElo "1693"]
[PlyCount "93"]
[EventDate "2009.03.28"]
[EventType "swiss"]
[EventRounds "11"]
[EventCountry "POL"]
[SourceTitle "EXT 2011"]
[Source "ChessBase"]
[SourceDate "2010.11.26"]
[SourceVersion "1"]
[SourceVersionDate "2010.11.26"]
[SourceQuality "1"]

1. d4 d5 2. c4 e6 3. e3 Nf6 4. Nf3 Nbd7 5. Bd3 b6 6. 0-0 Bb7 7. Nbd2 Bb4 8. a3 Bxd2 9. Bxd2 0-0 10. b4 c5 11. Bc3 Rc8 12. Rc1 Ne4 13. Bxe4 dxe4 14. Nd2 Qe7 15. dxc5 bxc5 16. Nb3 f5 17. bxc5 Rfe8 18. Ba5 Rf8 19. c6 Bxc6 20. Bb4 Qg5 21. Bxf8 Nxf8 22. Qd6 Ba4 23. Nd4 Rd8 24. Nxe6 Rxd6 25. Nxg5 h6 26. Nh3 g5 27. c5 Rc6 28. Rc3 Ne6 29. Rfc1 Bb5 30. f3 Bd3 31. Nf2 Be2 32. fxe4 fxe4 33. Nxe4 Nc7 34. Ng3 Bg4 35. e4 Nb5 36. Rd3 Kf7 37. a4 Nc7 38. Rd6 Rxd6 39. cxd6 Ne8 40. e5 Bd7 41. a5 Ke6 42. Rc5 Ng7 43. Ne2 Nf5 44. g4 Ne3 45. Nd4+ Kf7 46. Rc7 Ke8 47. e6 1-0

[Event "POL-ch U16"]
[Site "Chotowa"]
[Date "2009.04.01"]
[Round "6"]
[White "Nowacki, Krzysztof"]
[Black "Wesolowski, Edgar"]
[Result "0-1"]
[WhiteElo "1693"]
[BlackElo "1866"]
[PlyCount "38"]
[EventDate "2009.03.28"]
[EventType "swiss"]
[EventRounds "11"]
[EventCountry "POL"]
[SourceTitle "EXT 2011"]
[Source "ChessBase"]
[SourceDate "2010.11.26"]
[SourceVersion "1"]
[SourceVersionDate "2010.11.26"]
[SourceQuality "1"]

1. e4 c5 2. Nf3 d6 3. d4 cxd4 4. Nxd4 Nf6 5. Nc3 g6 6. Be3 Bg7 7. f3 0-0 8. Qd2 Nc6 9. 0-0-0 d5 10. Nxc6 bxc6 11. exd5 Nxd5 12. Nxd5 cxd5 13. Qxd5 Qc7 14. Qc5 Qb7 15. c3 Bf5 16. Bd3 Rab8 17. Qa3 Bxc3 18. Qxc3 Rfc8 19. Bc5 Rxc5 0-1

[Event "POL-ch U16"]
[Site "Chotowa"]
[Date "2009.03.30"]
[Round "4"]
[White "Graczyk, Damian"]
[Black "Nowacki, Krzysztof"]
[Result "1/2-1/2"]
[WhiteElo "1862"]
[BlackElo "1693"]
[PlyCount "105"]
[EventDate "2009.03.28"]
[EventType "swiss"]
[EventRounds "11"]
[EventCountry "POL"]
[SourceTitle "EXT 2011"]
[Source "ChessBase"]
[SourceDate "2010.11.26"]
[SourceVersion "1"]
[SourceVersionDate "2010.11.26"]
[SourceQuality "1"]

1. d4 d5 2. c4 e6 3. Nc3 Nf6 4. Bg5 Be7 5. e3 c6 6. Bd3 Nbd7 7. c5 e5 8. Bxf6 Bxf6 9. Nge2 0-0 10. 0-0 Re8 11. b4 Nf8 12. dxe5 Bxe5 13. Qb3 Qh4 14. g3 Qh5 15. Nd4 Bxd4 16. exd4 Bh3 17. Qd1 Bg4 18. Qd2 Bf3 19. Rfe1 Ne6 20. Bf1 Qg4 21. Qe3 Kf8 22. Qd3 Ng5 23. h3 Qh5 24. Rxe8+ Rxe8 25. a4 Re4 26. b5 Rxd4 27. Qf5 Ne6 28. Qxh5 Bxh5 29. bxc6 bxc6 30. Rb1 Nxc5 31. a5 Rd2 32. Rb8+ Ke7 33. g4 Bg6 34. Ra8 a6 35. h4 d4 36. Ne2 Bd3 37. Nxd4 Rd1 38. Nf5+ Bxf5 39. gxf5 Nb3 40. Kg2 Nxa5 41. Rxa6 Rd5 42. Kg3 Rxf5 43. Ra7+ Kf6 44. Bd3 Rh5 45. f4 Rc5 46. Bxh7 Rc3+ 47. Kg4 Nc4 48. Be4 Ne3+ 49. Kf3 Nf5+ 50. Kf2 Nxh4 51. Ra6 Rc4 52. Rxc6+ Rxc6 53. Bxc6 1/2-1/2